000 00304nam a22001337a 4500
008 181217b xxu||||| |||| 00| 0 eng d
020 _a9780205294534
041 _aeng
080 _24 TH
_a159.9
100 _a49
101 _aPSY
245 _aPhysiological Physiology
_cCarlson.N.R
942 _2udc
_cBK
999 _c53256
_d53256